History Quiz

Random History or Century Quiz

Find the Civil Rights Walk of Fame Inductees Quiz Stats

 Plays Quiz Updated Nov 7, 2019

Score 0/20 Timer 04:00
41 Plays Today
% Correct
Rosa Parks (2004)
97.4%
Stevie Wonder (2006)
96.7%
Magic Johnson (2009)
95.1%
Lyndon B. Johnson (2004)
93.9%
James Brown (2011)
93.1%
Sammy Davis Jr. (2008)
92.5%
Maya Angelou (2008)
91.7%
Desmond Tutu (2006)
91.4%
Sidney Poitier (2007)
91.3%
Ted Turner (2005)
91.2%
% Correct
Joe Louis (2007)
90.4%
Hank Aaron (2005)
90.3%
Thurgood Marshall (2004)
90.1%
Jesse Jackson (2004)
89.5%
Al Sharpton (2009)
88.6%
Nancy Wilson (2005)
87.5%
Maxine Waters (2007)
85.9%
Tommie Smith (2014)
83.8%
John Lewis (2004)
79.5%
Harry Belafonte (2005)
79.4%

You're not logged in!

Compare scores with friends on all Sporcle quizzes.
OR
Log In

Sporcle TV

Today on Sporcle TV


Watch our educational content, quiz creation guides, and fun videos on Sporcle TV.

Show Comments

Extras

Top Quizzes Today


Score Distribution

Your Account Isn't Verified!

In order to create a playlist on Sporcle, you need to verify the email address you used during registration. Go to your Sporcle Settings to finish the process.

Report this User

Report this user for behavior that violates our Community Guidelines.

Details: